| 000 | 00336 a2200121 4500 | ||
|---|---|---|---|
| 020 | _a0419261907 | ||
| 082 | _a624.1821 TRA | ||
| 100 | _aTrahair,N.S. | ||
| 245 |
_aThe Behaviour and Design of Steel Structures to BS5950 / _cN.S.Trahair |
||
| 250 | _a3rd.ed. | ||
| 260 |
_aLondon : _cSpon Press, _b2001 |
||
| 300 |
_a448p. : _bill . ; _c25cm |
||
| 650 | _asteel structure | ||
| 999 |
_c1320 _d1320 |
||